| 000 | 00593nam a2200205Ia 4500 | ||
|---|---|---|---|
| 003 | GCL | ||
| 008 | 140319s9999 xx 000 0 ara d | ||
| 040 |
_aGCL / _cGCL |
||
| 082 | 0 | 4 |
_a239.6 _bف م |
| 100 | 1 | _aفتحى الابيارى | |
| 245 | 1 | 0 |
_aالمحمديات / _cفتحى الابيارى |
| 260 |
_a[S.N] : _bالهيئة المصرية العامة للكتاب ، _c1994 |
||
| 300 | _a355 ص | ||
| 490 | _a | ||
| 650 | 0 | 4 | _aالاسلام |
| 650 | 0 | 4 | _aالسيرة النبوية |
| 650 | 0 | 4 | _aنساء النبى |
| 650 | 0 | 4 | _aاخلاق الرسول |
| 942 |
_2ddc _cBK |
||
| 999 |
_c29194 _d29194 |
||